01013nam a22002297a 450000100060000000300080000600500170001400800410003103500190007204000350009104100080012608200250013410000190015924502730017826000740045130000370052550200810056250400330064365000340067670000340071070000390074482083BD-RjUL20240116122257.0231010s2021 bg a|||| m||| 00| 0 eng d a(BD-RjUL)82083 aBD-RjULbengcBD-RjULdBD-RjUL aeng 223a530.15bRAA 2021 aRahman, Zillur10aAnalytical Methods to investigate exact solutions for space-time fractional differential equations arising in the real physical phenomena of mathematical physics and biology /cSubmitted BY Zillur Rahman ;6Supervisor : M. Zulfikar Ali, Co-Supervisor : Harun-Or-Roshid aRajshahi :bDepartment of Mathematics, University of Rajshahi,c2021. aix, 124 leaves :bill, ;c29.cm. aThesis (M. Phil.) -- Department of Mathematics, University of Rajshahi, 2021 aReferences : Leaves 116 -124 aMathematical physicsvPhysics aAli, M. Zulfikar, Supervisor  aRoshid, Harun-Or-, Co-Supervisor